Applied nutrution and food science (Record no. 32175)

MARC details
000 -LEADER
fixed length control field 00850cam a22002414a 4500
005 - DATE AND TIME OF LATEST TRANSACTION
control field 20090520130108.0
008 - FIXED-LENGTH DATA ELEMENTS--GENERAL INFORMATION
fixed length control field 091207t xxu||||| |||| 00| 0 eng d
010 ## - LCCN (DPL NO)
LC control number ENG-95590
020 ## - INTERNATIONAL STANDARD BOOK NUMBER
International Standard Book Number 9788183701617
Terms of availability 800.00
035 ## - SYSTEM CONTROL NUMBER
System control number EN-79123
037 ## - SOURCE OF ACQUISITION
Stock number DBAD/PUB
040 ## - CATALOGING SOURCE
Original cataloging agency DPL
100 ## - MAIN ENTRY--PERSONAL NAME
Personal name Sharma , Jyoti S.
245 ## - TITLE STATEMENT
Title Applied nutrution and food science
Statement of responsibility, etc by Joyti S. Sharma
260 ## - PUBLICATION, DISTRIBUTION, ETC. (IMPRINT)
Place of publication, distribution, etc New Delhi :
Name of publisher, distributor, etc Akansha publishing house
Date of publication, distribution, etc 2009.
270 ## - ADDRESS
Address 4649-B/21, Ansari road
City New Delhi
Postal code 110002
300 ## - PHYSICAL DESCRIPTION
Extent viii, 271 p. ;
Dimensions 22 cm.(Hb)
500 ## - GENERAL NOTE
General note Includes index.
504 ## - BIBLIOGRAPHY, ETC. NOTE
Bibliography, etc Includes bibliographical references and Index
942 ## - ADDED ENTRY ELEMENTS (KOHA)
Source of classification or shelving scheme Dewey Decimal Classification
Item type English Books
Call number suffix SHA
Holdings
Withdrawn status Lost status Source of classification or shelving scheme Damaged status Not for loan Collection code Home library Current library Date acquired Source of acquisition Cost, normal purchase price Total Checkouts Full call number Barcode Date last seen Copy number Cost, replacement price Koha item type
    Dewey Decimal Classification   Not For Loan Non-fiction D.B.Act.Division D.B.Act.Division 30/11/2009 DBAD / PUB 800.00   SHA EN-79123 07/12/2009 1 800.00 English Books

© Delhi Public Library
Hit Counter
free hit counter